000 00362cam a2200145ua 4500
041 _aeng
_h
082 _a370.1
_bRUS/ON
100 _aRussell, Bertrand .
245 _aon education /
_cBertrand,Russel.
_hTextual Documents
260 _aLondon :
_bGeorge Allen & Unwin Ltd ,
_c1957.
300 _a254 ; .
504 _a
942 _cBK
999 _c12207
_d12207